| 000 | 00657pam a2200217 4500 | ||
|---|---|---|---|
| 001 | 8726 | ||
| 005 | 20181127190611.0 | ||
| 008 | 750401t19751973nju b 000 0 eng | ||
| 010 | _a 75001278 | ||
| 020 | _a0822602946 | ||
| 082 | 0 | 0 | _a301.11 |
| 100 | 1 | _aMalcolm, Andrew I. | |
| 245 | 1 | 4 |
_aThe tyranny of the group / _cby Andrew Malcolm. |
| 260 |
_aTotowa, N.J. : _bLittlefield, Adams, _c1975, c1973. |
||
| 300 |
_axviii, 190 p. : _c21 cm. |
||
| 490 | 0 | _aA Littlefield, Adams quality paperback ; no. 294 | |
| 500 | _aIncludes index. | ||
| 504 | _aBibliography: p. [183]-185. | ||
| 650 | 0 | _aGroup relations training. | |
| 999 |
_c7562 _d7562 |
||